Príprava Slovenskej republiky na pristúpenie k Európskemu dohovoru o krajine

Slovenská republika sa zapájala už do prípravy Európskeho dohovoru o krajine (ďalej Dohovoru). Ministerstvo životného prostredia SR v spolupráci s inými ministerstvami a organizáciami zabezpečili odborný preklad, analyzovali princípy a záväzky vyplývajúce z Dohovoru a porovnali ich s platným právnym...

ver descrição completa

Na minha lista:
Detalhes bibliográficos
Autor principal: Ambróš, Ladislav
Outros Autores: Chovancová, Katarína
Formato: Capítulo de Livro
Idioma:eslovaco
Assuntos:
Tags: Adicionar Tag
Sem tags, seja o primeiro a adicionar uma tag!

MARC

LEADER 00000naa$a2200000$$$4500
001 0018282
005 20230928075307.2
041 0 |a slo 
044 |a SK 
245 1 0 |a Príprava Slovenskej republiky na pristúpenie k Európskemu dohovoru o krajine  |c aut. Ladislav Ambróš, Katarína Chovancová 
520 |a Slovenská republika sa zapájala už do prípravy Európskeho dohovoru o krajine (ďalej Dohovoru). Ministerstvo životného prostredia SR v spolupráci s inými ministerstvami a organizáciami zabezpečili odborný preklad, analyzovali princípy a záväzky vyplývajúce z Dohovoru a porovnali ich s platným právnym poriadkom SR. Slovenské normy a zákony súvisiace s Dohovorom. Záväzky vyplývajúce z Dohovoru. 
610 2 0 |a prostredie životné 
610 2 0 |a rozvoj regionálny 
610 2 0 |a ochrana prostredia životného 
610 2 0 |a plánovanie územné 
610 2 0 |a ochrana pamiatok 
610 2 0 |a zákony 
610 2 0 |a záväzky 
610 2 0 |a Slovensko 
610 2 0 |a Európsky dohovor o krajine 
100 1 |a Ambróš, Ladislav 
700 1 |a Chovancová, Katarína